Miasta konurbacji górnośląskiej - Statystyki

Ogólne statystyki
  • Ten quiz został rozwiązany 3 401 razy
  • Średni wynik to 12 z 19
Statystyki odpowiedzi
Miasto % Poprawnych
Katowice
99%
Gliwice
90%
Zabrze
87%
Chorzów
85%
Sosnowiec
85%
Bytom
84%
Dąbrowa Górnicza
76%
Tychy
73%
Ruda Śląska
70%
Siemianowice Śląskie
62%
Mysłowice
59%
Będzin
58%
Świętochłowice
52%
Jaworzno
50%
Piekary Śląskie
50%
Tarnowskie Góry
50%
Czeladź
37%
Mikołów
37%
Knurów
22%
Nie znaleziono quizów pasujących do podanych kryteriów
Rozkład punktacji
Procent ludzi z każdym wynikiem
Percentyl według liczby udzielonych odpowiedzi
Twoja historia wyników
Nie rozwiązałeś tego quizu